00568nam a2200205Ia 4500008004100000020001800041020001500059082001400074082001700088245001900105245001900124250001600143250003300159260001800192260002200210260000900232700005300241700004900294999001900343210417s9999 xx 000 0 und d a9781292079578 b1292079576 a338.5 ACE b22.338.5 ACE 0aMicroeconomics 0cMicroeconomics aglobal ed.  b483p. : ill. ; 28 cm. ; pbk. aUnited States bPearson Education c2016 a"Acemoglu Daron , Laibson David, List John A. " b"Daron Acemoglu, David Laibson, John A list" c466936d466936